000 00269nam a2200109Ia 4500
008 190912s9999||||xx |||||||||||||| ||und||
100 _aViv Richards
245 0 _aSir Vivian : The Definitive Autobiography
260 _aUSA
_bAddision
_c2000
300 _a308
942 _cBK
999 _c7473
_d7473